Raga mala: the autobiography of Ravi Shankar (Record no. 40053)

MARC details
000 -LEADER
fixed length control field 00453nam a2200157Ia 4500
005 - DATE AND TIME OF LATEST TRANSACTION
control field 20251117114517.0
008 - FIXED-LENGTH DATA ELEMENTS--GENERAL INFORMATION
fixed length control field 231207s9999 xx 000 0 und d
040 ## - CATALOGING SOURCE
Transcribing agency PK-LaNCA
082 ## - DEWEY DECIMAL CLASSIFICATION NUMBER
Classification number 780.92
Item number RAG
245 #0 - TITLE STATEMENT
Title Raga mala: the autobiography of Ravi Shankar
260 ## - PUBLICATION, DISTRIBUTION, ETC.
Name of publisher, distributor, etc. Genesis Publications Limited
Place of publication, distribution, etc. Surrey
Date of publication, distribution, etc. 1997
300 ## - PHYSICAL DESCRIPTION
Pages 336p
Other physical details ill
546 ## - LANGUAGE NOTE
Language note English
650 ## - SUBJECT ADDED ENTRY--TOPICAL TERM
Subject Musiciana. Musician, Indian--Autobiography. Music.
942 ## - ADDED ENTRY ELEMENTS (KOHA)
Koha item type Photocopy
999 ## -
-- 40053
-- 40053
Holdings
Withdrawn status Weedout from Library Permanent Location Current Location Shelving location Date acquired Full call number Barcode Price effective from Koha item type
    NATIONAL COLLEGE OF ARTS, LAHORE - LIBRARY NATIONAL COLLEGE OF ARTS, LAHORE - LIBRARY Musicology Section Basement of Library 08/12/2023 MUS 780.92 RAG PM0220 PM0220 08/12/2023 Photocopy